1668 1470 1633 1650 1269 1518 1569 1740 1143 1640 1286 1450 1445 1007 1845 1417 1708 1031 1146 1663 1728 1607 1494 1177 1320 1570 1997 1992 1679 1532 1217 1035 1836 1267 1748 1399 1110 1773 1352 1241 1768 1279 1831 1207 1270 1033 1687 1413 1136 1505 1611 1360 1910 1326 1083 1934 1378 1617 1484 1718 1562 1242 1820 1772 1336 1840 1181 1669 1332 1353 1562 1267 1500 1148 1708 1739 1617 1519 1637 1393 1568 1920 1432 1841 1584 1181 1480 1086 1332 1966 1100 1310 1685 1153 1119 1294 1779 1437 1804 BCNSPRNW ULIB Ver.6.0+V

เปลี่ยนเป็นภาษาไทย

Change to English
 แสดงรายละเอียดบรรณานุกรม
  กลับหน้าหลัก

Brief Record : Get Marc (ISO 2709) : E-mail record : QR code < ปิดหน้าต่าง
LEADER : 00000nam 2200000uu 4500
001    13399109122
003     ULIB
008    110322s2550||||th 000 0 tha d
020    9789749457795
050  4 BF723.C5^bด915ส 2550
100 1  เดอ โบโน, เอ็ดเวิร์ด,^dค.ศ. 1933-
245 10 สอนเด็กให้คิดเป็น =^bTeach your child how to think /^cโดยEdward de Bono ; แปลและเรียบเรียงโดย อรอุมา ราชคฤค์
246 31 Teach your child how to think
250    พิมพ์ครั้งที่ 2
260    กรุงเทพฯ :^bเอ็กซเปอร์เน็ท,^c2550
300    458 หน้า :^bภาพประกอบ ;^c21 ซม.
650  7 การรู้คิดในเด็ก
650  7 ความคิดและการคิด
650  7 ทักษะทางการคิด
700 0  อรอุมา ราชคฤค์,^eผู้แปล
700 12 De Bono, Edward.,^d1933- .^tTeach your child how to think
945    ^p350^l0^i029921
945    ^p350^l0^i029922
995    เกษร
999 ^a ใช้งานได้ทุกระบบ
รายการนี้ยังไม่มีแท็ก
คุณยังไม่ได้ล็อกอิน คุณสามารถมีกิจกรรมร่วมกับเว็บไซต์ได้ แต่ต้องล็อกอินก่อน ::
  ล็อกอิน

รายการสื่อสารสนเทศ

ลำดับที่ ประเภท เลขเรียก/บาร์โค้ด สถานที่ สถานะ
- ไม่พบข้อมูล -

รายการใกล้เคียง
    หัวเรื่อง [การรู้คิดในเด็ก]
    หัวเรื่อง [ความคิดและการคิด]
    หัวเรื่อง [ทักษะทางการคิด]

BibComment


ยังไม่เคยถูกคอมเมนท์

คอมเมนท์ทรัพยากรรายการนี้
  คอมเมนท์: สอนเด็กให้คิดเป็น..


 Copyright 2026. Bcnsprnw @Library